Online Catalogue and eLibrary

Single Women (Record no. 1668)

MARC details
000 -LEADER
fixed length control field 00445nam a2200193Ia 4500
005 - DATE AND TIME OF LATEST TRANSACTION
control field 20250210060144.0
008 - FIXED-LENGTH DATA ELEMENTS--GENERAL INFORMATION
fixed length control field 240331s9999 xx 000 0 und d
020 ## - INTERNATIONAL STANDARD BOOK NUMBER
ISBN 8170332406
082 ## - DDC Classification
Item Number - Author Mark JET
DDC Edition Number 2114
Class No. 305.4
100 ## - MAIN ENTRY--PERSONAL NAME
Personal name Jethani, U
245 #0 - TITLE STATEMENT
Title Single Women
260 ## - PUBLICATION, DISTRIBUTION, ETC.
Place of publication, distribution, etc. Jaipur
Name of publisher, distributor, etc. Rawat Publications
Date of publication, distribution, etc. 1994
300 ## - PHYSICAL DESCRIPTION
Extent (e.g. Volumes, Pages etc.) vii, 187 p.,
650 ## - SUBJECT ADDED ENTRY--TOPICAL TERM
Topical term or geographic name entry element Women
650 ## - SUBJECT ADDED ENTRY--TOPICAL TERM
Topical term or geographic name entry element Singlehood
650 ## - SUBJECT ADDED ENTRY--TOPICAL TERM
Topical term or geographic name entry element Society
650 ## - SUBJECT ADDED ENTRY--TOPICAL TERM
Topical term or geographic name entry element Marriage
942 ## - Koha item type (Biblio)
Koha item type Books in Stacks (Lending)
Holdings
Lost status Damaged status Collection code Home library Current library Shelving location Date acquired Full call number Accession Number Item type
    Lending WERC Library WERC Library Social Science Cupboard 03/31/2024 305.4 JET 2114 Books in Stacks (Lending)

© WERC Library